| 000 | 02372nam a22002297a 4500 | ||
|---|---|---|---|
| 003 | OSt | ||
| 005 | 20260402180410.0 | ||
| 008 | 260402b |||||||| |||| 00| 0 eng d | ||
| 020 | _a9789365473360 | ||
| 040 | _cAACR-II | ||
| 082 | _a954.9205 MAL | ||
| 100 |
_aMalhotra, Iqbal Chand _918771 |
||
| 245 | _aBangladesh: humiliation, carnage, liberation, chaos | ||
| 260 |
_aNodia _bBluOne Ink _c2026 |
||
| 300 | _a354p. | ||
| 520 | _aThe roots of the conflict between East and West Pakistan go back to the traumatic partition of the subcontinent in 1947. Pakistan was united by religion but divided by language and culture—fault lines that soon metastasized into repeated humiliations and injustices. As protests erupted, the Pakistan Army unleashed a brutal campaign to silence dissent: three million people were killed, over 200,000 women were subjected to sexual violence, and ten million refugees fled to India, all for demanding autonomy. The silence of the international community was deafening. The US and China, openly tilting towards Pakistan, did nothing to halt the unfolding genocide. The subcontinent had become the epicentre of a superpower contest. India stood isolated. Impoverished and destabilized by left-wing insurgency yet morally steadfast, Indira Gandhi’s India—working in close coordination with Tajuddin Ahmad, Bangladesh’s first PM, and the resolute Mukti Bahini—waged a covert struggle for nine months. This culminated in a swift thirteen-day military campaign that broke the Pakistan Army, resulted in the capture of 93,000 prisoners of war, and delivered Bangladesh in one of history’s fastest and most decisive liberations. All arms of the Indian state and Bangladesh’s government-in-exile had worked in perfect unison to deliver a glorious victory, yet peace proved fragile. Chaos followed almost immediately after independence, and nearly all the central figures of the struggle were eventually assassinated in a spiral of senseless violence. Half a century later, as the same hatreds of language, identity, and faith erupt again, the ghosts of 1971 return—not as memory, but as warning. | ||
| 650 |
_aBangladesh History _918772 |
||
| 650 |
_aLiberation and Subsequent Period in Bangladesh _918773 |
||
| 650 |
_aPolitical History of Bangladesh _918774 |
||
| 700 |
_aChattopadhyay, Subroto _918775 |
||
| 942 |
_2ddc _cB |
||
| 999 |
_c360718 _d360718 |
||